[Event "EU-ch (Women) 24th"]
[Site "Rhodes"]
[Date "2024.04.28"]
[Round "9"]
[White "Gal, Hanna Krisztina"]
[Black "Esadze, Tamari"]
[Result "1/2-1/2"]
[WhiteElo "2161"]
[BlackElo "1965"]
[PlyCount "47"]
[EventDate "2024.04.19"]
[EventType "swiss"]
[EventRounds "10"]
[EventCountry "GRE"]
[SourceTitle "CB18_2024"]
[SourceDate "2024.05.01"]
[SourceVersion "1"]
[SourceVersionDate "2024.05.01"]
[SourceQuality "2"]

1. e4 c5 2. Nf3 d6 3. Bb5+ Bd7 4. Bxd7+ Qxd7 5. c4 e5 6. Nc3 Nf6 7. d3 Be7 8. 0-0 0-0 9. a3 Nc6 10. Rb1 Nd4 11. b4 b6 12. Bg5 Ne6 13. Bxf6 Bxf6 14. Nd5 Qd8 15. Nd2 g6 16. Nb3 Bg7 17. bxc5 dxc5 18. a4 Rb8 19. Nd2 Qd7 20. Qb3 Nd4 21. Qa3 Nc6 22. Nb3 a5 23. Nc1 Nb4 24. Ne2 1/2-1/2

[Event "Budapest FS03 IM-2"]
[Site "Budapest"]
[Date "2024.03.22"]
[Round "7"]
[White "Gal, Hanna Krisztina"]
[Black "Devnani, Kush"]
[Result "0-1"]
[WhiteElo "2155"]
[BlackElo "2230"]
[PlyCount "96"]
[EventDate "2024.03.14"]
[EventType "tourn"]
[EventRounds "9"]
[EventCountry "HUN"]
[SourceTitle "CB15_2024"]
[SourceDate "2024.04.10"]
[SourceVersion "1"]
[SourceVersionDate "2024.04.10"]
[SourceQuality "1"]

1. e4 c5 2. Nf3 d6 3. Bb5+ Nd7 4. d4 cxd4 5. Qxd4 a6 6. Bxd7+ Bxd7 7. Nc3 e5 8. Qd3 Rc8 9. 0-0 h6 10. Nd2 Qc7 11. a4 Nf6 12. Rd1 Bg4 13. f3 Be6 14. Nf1 Be7 15. Ne3 0-0 16. Bd2 Rfd8 17. Be1 d5 18. Nexd5 Bxd5 19. exd5 Bb4 20. Kh1 Bxc3 21. Qxc3 Rxd5 22. Qxc7 Rxc7 23. Bc3 Rdc5 24. Re1 Nd7 25. Rad1 f6 26. Rd6 R5c6 27. Red1 Rxd6 28. Rxd6 Nc5 29. Ba5 Rc8 30. h3 Nxa4 31. b3 Nc3 32. Rb6 Nd5 33. Rd6 Ne3 34. c4 Rc6 35. Rd8+ Kh7 36. Rb8 b5 37. cxb5 axb5 38. Bd2 Nf1 39. Be1 Rc1 40. Bf2 f5 41. g4 e4 42. fxe4 fxe4 43. Kg2 e3 44. Rd8 exf2 45. Kxf2 Kg6 46. Rd5 Rb1 47. Ke2 Ng3+ 48. Kf2 Rxb3 0-1

[Event "Mitropa Cup (Women)"]
[Site "Apolda"]
[Date "2024.02.16"]
[Round "2.7"]
[White "Gal, Hanna Krisztina"]
[Black "Lhotska, Anna"]
[Result "0-1"]
[WhiteElo "2191"]
[BlackElo "2065"]
[PlyCount "86"]
[EventDate "2024.02.15"]
[EventType "team-tourn"]
[EventRounds "9"]
[EventCountry "GER"]
[SourceTitle "CB09_2024"]
[SourceDate "2024.02.28"]
[SourceVersion "1"]
[SourceVersionDate "2024.02.28"]
[SourceQuality "1"]
[WhiteTeam "Hungary (W)"]
[BlackTeam "Czech Republic (W)"]
[WhiteTeamCountry "HUN"]
[BlackTeamCountry "CZE"]

1. e4 c5 2. Nf3 d6 3. Bb5+ Nd7 4. d4 cxd4 5. Qxd4 a6 6. Bxd7+ Bxd7 7. c4 Rc8 8. Nc3 e5 9. Qd3 Qc7 10. Nd2 Be6 11. b3 b5 12. Nd5 Qc6 13. 0-0 Ne7 14. Rd1 Bxd5 15. exd5 Qd7 16. a4 Ng6 17. Ne4 bxc4 18. bxc4 Be7 19. c5 0-0 20. c6 Qg4 21. f3 Qh4 22. Ng3 Bd8 23. a5 Nf4 24. Qxa6 Bf6 25. Ne4 Be7 26. Be3 f5 27. Bf2 Qh6 28. Ng3 Qg6 29. Qb7 Bf6 30. Rab1 h5 31. a6 h4 32. a7 hxg3 33. hxg3 Ne2+ 34. Kf1 Nxg3+ 35. Bxg3 Qxg3 36. Qxc8 Rxc8 37. Rb8 Bh4 38. Rxc8+ Kf7 39. Rc7+ Kg6 40. Kg1 Qf2+ 41. Kh1 Bg5 42. g3 Qxg3 43. Rf1 Qh3+ 0-1

[Event "HUN-ch"]
[Site "Budapest"]
[Date "2023.12.12"]
[Round "1"]
[White "Gal, Hanna Krisztina"]
[Black "Vanczak, Tamas"]
[Result "1/2-1/2"]
[WhiteElo "2192"]
[BlackElo "2422"]
[PlyCount "45"]
[EventDate "2023.12.12"]
[EventType "swiss"]
[EventRounds "9"]
[EventCountry "HUN"]
[SourceTitle "CB52_2023"]
[SourceDate "2023.12.27"]
[SourceVersion "1"]
[SourceVersionDate "2023.12.27"]
[SourceQuality "1"]

1. e4 c6 2. d4 d5 3. Nc3 dxe4 4. Nxe4 Nf6 5. Nxf6+ exf6 6. c3 Bd6 7. Bd3 0-0 8. Ne2 Re8 9. 0-0 Na6 10. Be3 Nc7 11. c4 f5 12. Qd2 g6 13. Rad1 Be6 14. Nc3 Qf6 15. g3 Qg7 16. d5 cxd5 17. cxd5 Bd7 18. Bf4 Qf6 19. Bg5 Qg7 20. Bf4 Qf6 21. Bg5 Qd4 22. Be3 Qf6 23. Bg5 1/2-1/2

[Event "HUN-ch (Women) 70th"]
[Site "Budapest"]
[Date "2022.12.13"]
[Round "9"]
[White "Gal, Hanna Krisztina"]
[Black "Juhasz, Barbara"]
[Result "1-0"]
[WhiteElo "2161"]
[BlackElo "2224"]
[PlyCount "80"]
[EventDate "2022.12.05"]
[EventType "tourn"]
[EventRounds "9"]
[EventCountry "HUN"]
[SourceTitle "CBM 211 Extra"]
[Source "ChessBase"]
[SourceDate "2023.01.31"]
[SourceVersion "1"]
[SourceVersionDate "2023.01.31"]
[SourceQuality "1"]

1. e4 c5 2. Nf3 Nc6 3. Bb5 g6 4. Bxc6 bxc6 5. d4 cxd4 6. Qxd4 f6 7. 0-0 d6 8. c4 c5 9. Qd3 Bg7 10. Nc3 Rb8 11. b3 Nh6 12. Bb2 0-0 13. Rfe1 Nf7 14. Nd5 e6 15. Nc3 f5 16. Rad1 Qa5 17. Re2 a6 18. Na4 Bxb2 19. Rxb2 fxe4 20. Qxe4 Bb7 21. Qe3 Bxf3 22. Qxf3 d5 23. cxd5 exd5 24. Qxd5 Rbd8 25. Qf3 Rfe8 26. Rbb1 c4 27. h3 Rxd1+ 28. Rxd1 Re1+ 29. Rxe1 Qxe1+ 30. Kh2 Qe5+ 31. Qg3 Qd4 32. bxc4 Qxc4 33. Nc3 Kg7 34. a3 h5 35. Nd1 Qe6 36. Ne3 Nd6 37. Qf4 Ne4 38. Nc2 Nf6 39. Qc7+ Kh6 40. Nd4 Nd5 1-0

[Event "HUN-ch (Women) 70th"]
[Site "Budapest"]
[Date "2022.12.12"]
[Round "8"]
[White "Karacsonyi, Kata"]
[Black "Gal, Hanna Krisztina"]
[Result "1/2-1/2"]
[WhiteElo "2161"]
[BlackElo "2161"]
[PlyCount "117"]
[EventDate "2022.12.05"]
[EventType "tourn"]
[EventRounds "9"]
[EventCountry "HUN"]
[SourceTitle "CBM 211 Extra"]
[Source "ChessBase"]
[SourceDate "2023.01.31"]
[SourceVersion "1"]
[SourceVersionDate "2023.01.31"]
[SourceQuality "1"]

1. e4 c5 2. Nf3 e6 3. d4 cxd4 4. Nxd4 a6 5. c4 Nf6 6. Nc3 Qc7 7. Be2 Bb4 8. Nc2 Bxc3+ 9. bxc3 d6 10. Ba3 Nxe4 11. Qd4 f5 12. Bh5+ Kf8 13. 0-0-0 Nc6 14. Qe3 Na5 15. Qxe4 fxe4 16. Bxd6+ Qxd6 17. Rxd6 Ke7 18. Rd4 Rf8 19. Rf1 Bd7 20. Be2 Bc6 21. Nb4 Rac8 22. g3 Be8 23. Rxe4 Bg6 24. Rd4 Rc7 25. h4 Rfc8 26. Re1 Rd8 27. Red1 Rxd4 28. Rxd4 Rc5 29. f4 h5 30. Kd2 Rc7 31. Bd3 Bxd3 32. Kxd3 Rc5 33. Re4 Kf6 34. Rd4 Ke7 35. Re4 Kf6 36. Nc2 Nc6 37. Nd4 Nxd4 38. Rxd4 Ke7 39. Kc2 Rc7 40. a4 Kf6 41. Kb3 a5 42. Re4 Rc5 43. Kc2 Kf5 44. Kd3 Kg4 45. Re3 Rc6 46. Re5 Kxg3 47. Rxh5 Kxf4 48. Rxa5 e5 49. Rb5 e4+ 50. Kd2 Rxc4 51. Rxb7 Rxa4 52. Rf7+ Ke5 53. Rxg7 Ra2+ 54. Ke3 Rh2 55. Rg5+ Kf6 56. Rg4 Rh3+ 57. Kd4 Rd3+ 58. Kxe4 Rxc3 59. Rf4+ 1/2-1/2

[Event "HUN-ch (Women) 70th"]
[Site "Budapest"]
[Date "2022.12.11"]
[Round "7"]
[White "Gal, Hanna Krisztina"]
[Black "Demeter, Dorina"]
[Result "1/2-1/2"]
[WhiteElo "2161"]
[BlackElo "2174"]
[PlyCount "73"]
[EventDate "2022.12.05"]
[EventType "tourn"]
[EventRounds "9"]
[EventCountry "HUN"]
[SourceTitle "CBM 211 Extra"]
[Source "ChessBase"]
[SourceDate "2023.01.31"]
[SourceVersion "1"]
[SourceVersionDate "2023.01.31"]
[SourceQuality "1"]

1. e4 e5 2. Nf3 Nc6 3. Bb5 Bc5 4. 0-0 d6 5. c3 a6 6. Ba4 Bd7 7. d4 Ba7 8. dxe5 Nxe5 9. Bxd7+ Qxd7 10. Bf4 Ng6 11. Bg3 h5 12. h3 Nf6 13. Nbd2 0-0-0 14. Nd4 h4 15. Bh2 Ne5 16. N2f3 Nxe4 17. Bxe5 dxe5 18. Nxe5 Qd5 19. Qg4+ Kb8 20. Nxf7 Qxf7 21. Qxe4 Bxd4 22. cxd4 Qd5 23. Qc2 Qxd4 24. Rac1 Qf4 25. Qg6 Rhf8 26. Rc2 Rd5 27. b3 Rg5 28. Qd3 c6 29. Rc4 Qf6 30. Qe4 Rh8 31. Rd4 Re5 32. Qd3 Rhe8 33. Rd6 Qf4 34. Rd4 Qf6 35. Rd6 Qf4 36. Rd4 Qf6 37. Rd6 1/2-1/2

[Event "HUN-ch (Women) 70th"]
[Site "Budapest"]
[Date "2022.12.07"]
[Round "3"]
[White "Terbe, Julianna"]
[Black "Gal, Hanna Krisztina"]
[Result "1/2-1/2"]
[WhiteElo "2283"]
[BlackElo "2161"]
[PlyCount "62"]
[EventDate "2022.12.05"]
[EventType "tourn"]
[EventRounds "9"]
[EventCountry "HUN"]
[SourceTitle "CBM 211 Extra"]
[Source "ChessBase"]
[SourceDate "2023.01.31"]
[SourceVersion "1"]
[SourceVersionDate "2023.01.31"]
[SourceQuality "1"]

1. e4 c5 2. Nf3 e6 3. g3 d5 4. exd5 exd5 5. d4 Nc6 6. Bg2 Bg4 7. 0-0 cxd4 8. Nbd2 Bc5 9. h3 Bxf3 10. Qxf3 Nge7 11. Nb3 Bb6 12. h4 0-0 13. h5 h6 14. Bf4 a5 15. a4 Nb4 16. c3 dxc3 17. bxc3 Nbc6 18. Rfd1 Qc8 19. Qd3 Bc7 20. Bxc7 Qxc7 21. Bxd5 Nxd5 22. Qxd5 Rfd8 23. Qb5 b6 24. Nd4 Ne5 25. Rab1 Rac8 26. Re1 Qxc3 27. Rxe5 Qxd4 28. Rbe1 Qd6 29. R1e4 Rf8 30. Rd5 Qc6 31. Re7 Qxb5 1/2-1/2

[Event "HUN-chT 2122"]
[Site "Hungary"]
[Date "2021.12.19"]
[Round "4.12"]
[White "Gal, Hanna Krisztina"]
[Black "Szikszai, Bertalan"]
[Result "1/2-1/2"]
[WhiteElo "2158"]
[BlackElo "2046"]
[PlyCount "54"]
[EventDate "2021.10.10"]
[EventType "team-tourn"]
[EventRounds "9"]
[EventCountry "HUN"]
[SourceTitle "EXT 2023"]
[Source "ChessBase"]
[SourceDate "2022.10.05"]
[SourceVersion "1"]
[SourceVersionDate "2022.10.05"]
[SourceQuality "1"]
[WhiteTeam "Paks"]
[BlackTeam "Biatorbagy"]
[WhiteTeamCountry "HUN"]
[BlackTeamCountry "HUN"]

1. e4 c5 2. Nf3 d6 3. Bb5+ Nd7 4. d4 cxd4 5. Qxd4 a6 6. Bxd7+ Bxd7 7. c4 Nf6 8. 0-0 g6 9. Nc3 Bg7 10. Rd1 0-0 11. Bg5 Rc8 12. Rac1 Qa5 13. Bxf6 Bxf6 14. e5 Bg7 15. Nd5 Rce8 16. Qh4 Qd8 17. exd6 exd6 18. Qxd8 Rxd8 19. b3 Be6 20. h3 h6 21. Rc2 Rfe8 22. Rcd2 Kf8 23. Kf1 Bh8 24. Kg1 Bg7 25. Kf1 Bh8 26. Kg1 Bg7 27. Re1 Bh8 1/2-1/2

[Event "HUN-ch (Women)"]
[Site "Budapest"]
[Date "2019.12.12"]
[Round "1.1"]
[White "Gal, Hanna Krisztina"]
[Black "Gara, Anita"]
[Result "1/2-1/2"]
[WhiteElo "2174"]
[BlackElo "2350"]
[PlyCount "74"]
[EventDate "2019.12.12"]
[EventType "k.o."]
[EventRounds "3"]
[EventCountry "HUN"]
[SourceTitle "CBM 193 Extra"]
[Source "ChessBase"]
[SourceDate "2020.01.31"]
[SourceVersion "1"]
[SourceVersionDate "2020.01.31"]
[SourceQuality "1"]

1. e4 c5 2. Nf3 d6 3. Bb5+ Nd7 4. 0-0 a6 5. Bxd7+ Bxd7 6. d4 cxd4 7. Qxd4 e5 8. Qd3 Rc8 9. Nc3 Be6 10. Nd5 Bxd5 11. Qxd5 Qc7 12. c3 Nf6 13. Qd3 Qc4 14. Qxc4 Rxc4 15. Nd2 Rc6 16. Re1 Be7 17. Nb3 h6 18. Bd2 Bd8 19. Rad1 Ke7 20. Na1 Bb6 21. Be3 Bxe3 22. Rxe3 Rb6 23. b3 a5 24. Nc2 a4 25. b4 Rc8 26. Na3 Ke6 27. Rde1 Nd7 28. Rd1 Nf6 29. Rde1 Rbc6 30. Nb5 Rd8 31. f4 Ke7 32. f5 Nd7 33. Rd3 Nb6 34. Red1 Nc4 35. Rg3 Kf6 36. h3 Rd7 37. Rd5 Nb6 1/2-1/2

[Event "HUN-chT2 Charousek 1819"]
[Site "Hungary"]
[Date "2019.02.10"]
[Round "7.4"]
[White "Krstic, Uros"]
[Black "Gal, Hanna Krisztina"]
[Result "1/2-1/2"]
[WhiteElo "2366"]
[BlackElo "2178"]
[PlyCount "58"]
[EventDate "2018.09.23"]
[EventType "team-tourn"]
[EventRounds "11"]
[EventCountry "HUN"]
[SourceTitle "CBM 189 Extra"]
[Source "ChessBase"]
[SourceDate "2019.06.03"]
[SourceVersion "1"]
[SourceVersionDate "2019.06.03"]
[SourceQuality "1"]
[WhiteTeam "Haladas Szombathely II"]
[BlackTeam "Paks ASE II"]
[WhiteTeamCountry "HUN"]
[BlackTeamCountry "HUN"]

1. e4 c5 2. Ne2 e6 3. d4 cxd4 4. Nxd4 a6 5. Bd3 Nf6 6. 0-0 Qc7 7. Kh1 Be7 8. f4 d6 9. b3 Nbd7 10. Bb2 b5 11. Nd2 Bb7 12. Qe2 Nc5 13. Rae1 Nxd3 14. cxd3 0-0 15. b4 a5 16. Nxb5 Qd7 17. Nxd6 Qxd6 18. e5 Qxb4 19. exf6 Bxf6 20. Bxf6 gxf6 21. Ne4 Qe7 22. Qg4+ Kh8 23. Qh4 Bxe4 24. dxe4 Rg8 25. e5 Rg6 26. Rf3 Qb7 27. exf6 Qb2 28. Qf2 Qxf2 29. Rxf2 Rxf6 1/2-1/2

[Event "HUN-ch (Women)"]
[Site "Budapest"]
[Date "2018.12.10"]
[Round "8"]
[White "Gal, Hanna Krisztina"]
[Black "Kovacs, Klara"]
[Result "1/2-1/2"]
[WhiteElo "2189"]
[BlackElo "2242"]
[PlyCount "103"]
[EventDate "2018.12.03"]
[EventType "tourn"]
[EventRounds "9"]
[EventCountry "HUN"]
[SourceTitle "CBM 187 Extra"]
[Source "ChessBase"]
[SourceDate "2018.11.04"]
[SourceVersion "1"]
[SourceVersionDate "2018.11.04"]
[SourceQuality "1"]

1. e4 e6 2. d4 d5 3. Nc3 Bb4 4. e5 b6 5. a3 Bxc3+ 6. bxc3 Ba6 7. Bxa6 Nxa6 8. Qg4 g6 9. h4 h5 10. Qd1 Nb8 11. Bg5 Qd7 12. Nf3 Nc6 13. 0-0 Na5 14. Nd2 Ne7 15. Bf6 Rg8 16. Nb3 Nc4 17. a4 a5 18. Nd2 Nxd2 19. Qxd2 Nf5 20. f3 Qc6 21. Kf2 Kd7 22. g4 Ne7 23. Qd3 Qc4 24. Rg1 c6 25. Rgb1 Nc8 26. gxh5 Qxd3 27. cxd3 gxh5 28. c4 Ra6 29. Rb2 Ne7 30. Rab1 Rb8 31. Bxe7 Kxe7 32. Ke3 Kd7 33. Rg2 Raa8 34. Rg5 c5 35. Rxh5 Kc6 36. Rh7 Rh8 37. Rxh8 Rxh8 38. Rh1 Rh5 39. f4 dxc4 40. dxc4 cxd4+ 41. Kxd4 Kc7 42. Ke4 Kc6 43. Kf3 Kc5 44. Kg4 Rh7 45. Rb1 Rg7+ 46. Kh3 Kxc4 47. Rxb6 Kd4 48. Rb5 Ke3 49. Rxa5 Kxf4 50. Rb5 Rg3+ 51. Kh2 Ra3 52. Rb7 1/2-1/2

[Event "HUN-ch (Women)"]
[Site "Budapest"]
[Date "2018.12.07"]
[Round "5"]
[White "Gal, Hanna Krisztina"]
[Black "Terbe, Zsuzsanna"]
[Result "1/2-1/2"]
[WhiteElo "2189"]
[BlackElo "2180"]
[PlyCount "169"]
[EventDate "2018.12.03"]
[EventType "tourn"]
[EventRounds "9"]
[EventCountry "HUN"]
[SourceTitle "CBM 187 Extra"]
[Source "ChessBase"]
[SourceDate "2018.11.04"]
[SourceVersion "1"]
[SourceVersionDate "2018.11.04"]
[SourceQuality "1"]

1. e4 c5 2. Nf3 Nc6 3. Bb5 g6 4. Bxc6 bxc6 5. 0-0 Bg7 6. Re1 Nh6 7. c3 0-0 8. h3 Rb8 9. d3 d6 10. Na3 f6 11. Qa4 Qc7 12. d4 cxd4 13. Nxd4 Bd7 14. Qc4+ Nf7 15. Ne6 Bxe6 16. Qxe6 Qc8 17. Qxc8 Rfxc8 18. Nc4 d5 19. exd5 cxd5 20. Na5 Rc7 21. Nb3 e5 22. Rd1 Rb5 23. Rb1 Nd6 24. Nd2 Nf5 25. a4 Rb8 26. Ra1 Kf7 27. Ra3 Ke6 28. b4 d4 29. g4 dxc3 30. gxf5+ gxf5 31. Nb3 Rxb4 32. Be3 Bf8 33. Rc1 Rbb7 34. Nc5+ Bxc5 35. Raxc3 Bb6 36. Rxc7 Bxc7 37. Rc6+ Kf7 38. Bd2 Bb6 39. a5 Bd4 40. Be3 Bxe3 41. fxe3 Kg6 42. Kf2 Kg5 43. Kg3 f4+ 44. exf4+ exf4+ 45. Kf3 Rb3+ 46. Kg2 Rg3+ 47. Kh2 Ra3 48. Ra6 Kh4 49. Rxa7 Ra2+ 50. Kg1 h5 51. a6 Kxh3 52. Rg7 Rxa6 53. Kf2 Ra3 54. Rg6 f5 55. Rg5 Kh4 56. Rg8 Rg3 57. Rh8 Rh3 58. Rg8 Ra3 59. Rh8 Kg5 60. Rg8+ Kf6 61. Rf8+ Kg6 62. Rg8+ Kf7 63. Rg5 Kf6 64. Rxh5 Ke5 65. Rh8 f3 66. Rh4 Rb3 67. Ra4 Kf6 68. Ra6+ Kg5 69. Ra4 Rd3 70. Rb4 Rc3 71. Ra4 Kf6 72. Ra6+ Ke5 73. Ra4 Rd3 74. Rb4 Ra3 75. Rc4 Rd3 76. Ra4 f4 77. Ra8 Rc3 78. Re8+ Kd4 79. Rd8+ Ke4 80. Re8+ Kd3 81. Rd8+ Kc2 82. Rd4 Rd3 83. Rxd3 Kxd3 84. Kxf3 Kd4 85. Kxf4 1/2-1/2

[Event "HUN-ch (Women)"]
[Site "Budapest"]
[Date "2018.12.03"]
[Round "1"]
[White "Gal, Hanna Krisztina"]
[Black "Gaal, Zsoka"]
[Result "0-1"]
[WhiteElo "2189"]
[BlackElo "2020"]
[PlyCount "50"]
[EventDate "2018.12.03"]
[EventType "tourn"]
[EventRounds "9"]
[EventCountry "HUN"]
[SourceTitle "CBM 187 Extra"]
[Source "ChessBase"]
[SourceDate "2018.11.04"]
[SourceVersion "1"]
[SourceVersionDate "2018.11.04"]
[SourceQuality "1"]

1. e4 Nf6 2. e5 Nd5 3. d4 d6 4. Nf3 g6 5. Be2 Bg7 6. 0-0 0-0 7. c4 Nb6 8. exd6 cxd6 9. Be3 Bg4 10. Nc3 Nc6 11. b3 d5 12. c5 Nc8 13. Rc1 Bxf3 14. Bxf3 e6 15. b4 a6 16. Rb1 N8e7 17. Na4 Nf5 18. Nb6 Ncxd4 19. Bxd4 Nxd4 20. Nxa8 Qxa8 21. a4 Qd8 22. Be2 Qg5 23. Rc1 Qxc1 24. Qxc1 Nxe2+ 25. Kh1 Nxc1 0-1

[Event "HUN-chT2 Charousek 1718"]
[Site "Hungary"]
[Date "2018.03.25"]
[Round "8.9"]
[White "Papp, Gabor1111"]
[Black "Gal, Hanna Krisztina"]
[Result "1/2-1/2"]
[WhiteElo "2041"]
[BlackElo "2180"]
[PlyCount "84"]
[EventDate "2017.10.29"]
[EventType "team-tourn"]
[EventRounds "9"]
[EventCountry "HUN"]
[SourceTitle "EXT 2020"]
[Source "ChessBase"]
[SourceDate "2019.10.17"]
[SourceVersion "1"]
[SourceVersionDate "2019.10.17"]
[SourceQuality "1"]
[WhiteTeam "Gyor Szechenyi"]
[BlackTeam "Paks ASE II"]
[WhiteTeamCountry "HUN"]
[BlackTeamCountry "HUN"]

1. d4 Nf6 2. c4 g6 3. Nf3 Bg7 4. Nc3 d6 5. e4 0-0 6. h3 e5 7. d5 a5 8. Be3 Na6 9. Qd2 Bd7 10. Bh6 Nc5 11. Bxg7 Kxg7 12. Bd3 c6 13. dxc6 Bxc6 14. Qe2 Nh5 15. g3 f5 16. 0-0 Qf6 17. Nd2 f4 18. Kh2 Rf7 19. Bc2 Raf8 20. Nd5 Bxd5 21. exd5 Qg5 22. g4 f3 23. Qe3 Nf4 24. Nxf3 Qe7 25. Nd2 Qh4 26. Qg3 Qg5 27. h4 Qe7 28. Rae1 b5 29. b3 bxc4 30. bxc4 Rb8 31. Nb3 Nxb3 32. axb3 Rc8 33. Re4 Nxd5 34. g5 Qf8 35. Bd1 Nf4 36. Bg4 Rb8 37. Rd1 Rfb7 38. Re3 Qe7 39. Bf3 Rc7 40. Bd5 Qd7 41. Bf3 Rc5 42. Bg4 Qc7 1/2-1/2

[Event "HUN-chT U18"]
[Site "Hajduboszormeny"]
[Date "2016.11.04"]
[Round "4.15"]
[White "Gal, Hanna Krisztina"]
[Black "Radai, Zoltan Mate"]
[Result "1/2-1/2"]
[WhiteElo "2130"]
[BlackElo "1972"]
[PlyCount "43"]
[EventDate "2016.11.02"]
[EventType "team-swiss"]
[EventRounds "8"]
[EventCountry "HUN"]
[SourceTitle "CBM 175 Extra"]
[Source "ChessBase"]
[SourceDate "2016.12.12"]
[SourceVersion "1"]
[SourceVersionDate "2016.12.12"]
[SourceQuality "1"]

1. e4 c5 2. Nf3 e6 3. c4 a6 4. d4 cxd4 5. Nxd4 Nf6 6. Nc3 Qc7 7. a3 b6 8. Be3 Bb7 9. f3 Nc6 10. Rc1 Ne5 11. Be2 Ng6 12. Qd2 d6 13. 0-0 Be7 14. b4 0-0 15. Rfd1 Rac8 16. Nb3 Ne5 17. Na4 Ned7 18. Qd4 Kh8 19. Kh1 Rb8 20. Qd2 Ba8 21. Nc3 Rg8 22. Rb1 1/2-1/2

[Event "EU-chT U18 Girls"]
[Site "Celje"]
[Date "2016.07.12"]
[Round "3.2"]
[White "Janska, Jitka"]
[Black "Gal, Hanna Krisztina"]
[Result "0-1"]
[WhiteElo "2034"]
[BlackElo "2158"]
[PlyCount "78"]
[EventDate "2016.07.10"]
[EventType "team-swiss"]
[EventRounds "7"]
[EventCountry "SLO"]
[SourceTitle "CBM 173 Extra"]
[Source "ChessBase"]
[SourceDate "2016.08.29"]
[SourceVersion "1"]
[SourceVersionDate "2016.08.29"]
[SourceQuality "1"]
[WhiteTeam "Czech Republic U18 Girls"]
[BlackTeam "Hungary U18 Girls"]
[WhiteTeamCountry "CZE"]
[BlackTeamCountry "HUN"]

1. e4 c5 2. Nc3 e6 3. g3 d5 4. exd5 exd5 5. Bg2 Nf6 6. Nge2 d4 7. Ne4 Nxe4 8. Bxe4 Nd7 9. d3 Nf6 10. Bg5 Bd6 11. c3 dxc3 12. bxc3 h6 13. Bxf6 Qxf6 14. Rb1 0-0 15. 0-0 Rb8 16. Qd2 b6 17. Rfe1 Rd8 18. f4 b5 19. Kh1 b4 20. Qc2 Bg4 21. c4 a5 22. Ng1 Qc3 23. Qa4 Bc7 24. Qc6 Bb6 25. f5 Rxd3 26. Bxd3 Qxd3 27. f6 Qd7 28. Qg2 Bd8 29. h3 Be6 30. Rbd1 Qc7 31. fxg7 Bf6 32. Qf3 Bxg7 33. Qd3 a4 34. Ne2 Qc6+ 35. Kh2 Qa6 36. Nf4 Bxc4 37. Qd7 Qc8 38. Qxa4 Ra8 39. Qc2 Rxa2 0-1

[Event "HUN-chT2 Charousek 1516"]
[Site "Hungary"]
[Date "2016.04.03"]
[Round "8.8"]
[White "Sipos, Janos"]
[Black "Gal, Hanna Krisztina"]
[Result "1-0"]
[WhiteElo "2244"]
[BlackElo "2196"]
[PlyCount "67"]
[EventDate "2015.10.18"]
[EventType "team-tourn"]
[EventRounds "9"]
[EventCountry "HUN"]
[SourceTitle "EXT 2017"]
[Source "ChessBase"]
[SourceDate "2016.10.25"]
[SourceVersion "1"]
[SourceVersionDate "2016.10.25"]
[SourceQuality "1"]
[WhiteTeam "Aquaprofit II"]
[BlackTeam "Paks ASE II"]
[WhiteTeamCountry "HUN"]
[BlackTeamCountry "HUN"]

1. c4 g6 2. g3 Bg7 3. Bg2 e5 4. Nc3 d6 5. e4 Nc6 6. Nge2 f5 7. d3 Nf6 8. 0-0 0-0 9. Nd5 Be6 10. Bg5 Qd7 11. Qd2 Nh5 12. Rab1 f4 13. gxf4 Bh3 14. f3 h6 15. f5 Bxg2 16. Kxg2 gxf5 17. Bxh6 Kh7 18. Qg5 Bxh6 19. Qxh5 f4 20. Kh1 Nd8 21. Rg1 Qf7 22. Qh4 Ne6 23. Rg4 Rae8 24. Rbg1 c6 25. Rg6 Qxg6 26. Rxg6 Kxg6 27. Ne7+ Kh7 28. Nf5 Rxf5 29. exf5 Nc5 30. Nc3 a5 31. Qf6 Rg8 32. Qe7+ Kh8 33. Qxd6 Bf8 34. Qxe5+ 1-0

[Event "HUN-chT U18"]
[Site "Budapest"]
[Date "2015.08.30"]
[Round "8.5"]
[White "Gal, Hanna Krisztina"]
[Black "Toth Katona, Tamas"]
[Result "1/2-1/2"]
[WhiteElo "2084"]
[BlackElo "2026"]
[PlyCount "63"]
[EventDate "2015.08.26"]
[EventType "team-swiss"]
[EventRounds "8"]
[EventCountry "HUN"]
[SourceTitle "EXT 2016"]
[Source "ChessBase"]
[SourceDate "2015.10.08"]
[SourceVersion "1"]
[SourceVersionDate "2015.10.08"]
[SourceQuality "1"]

1. e4 c5 2. Nf3 e6 3. d4 cxd4 4. Nxd4 a6 5. c4 Nf6 6. Nc3 Qc7 7. a3 Nxe4 8. Nxe4 Qe5 9. Bd3 Qxd4 10. Qe2 Nc6 11. Be3 Qe5 12. 0-0 Nd4 13. Qd1 Nf5 14. Bd2 Qc7 15. Bc3 d6 16. Re1 e5 17. c5 f6 18. cxd6 Nxd6 19. Rc1 Qf7 20. f4 Nxe4 21. Bxe4 Bc5+ 22. Kh1 0-0 23. fxe5 f5 24. Bd5 Be6 25. Bxe6 Qxe6 26. Qf3 g5 27. Rcd1 Rad8 28. Qh5 h6 29. Rxd8 Rxd8 30. Rd1 Rxd1+ 31. Qxd1 Be7 32. Qh5 1/2-1/2

[Event "HUN-chT U18"]
[Site "Budapest"]
[Date "2015.08.26"]
[Round "1.11"]
[White "Karko, Balint"]
[Black "Gal, Hanna Krisztina"]
[Result "0-1"]
[WhiteElo "1471"]
[BlackElo "2084"]
[PlyCount "56"]
[EventDate "2015.08.26"]
[EventType "team-swiss"]
[EventRounds "8"]
[EventCountry "HUN"]
[SourceTitle "EXT 2016"]
[Source "ChessBase"]
[SourceDate "2015.10.08"]
[SourceVersion "1"]
[SourceVersionDate "2015.10.08"]
[SourceQuality "1"]

1. e4 c5 2. Nf3 e6 3. d4 cxd4 4. Nxd4 a6 5. Be3 Qc7 6. Nd2 Nf6 7. Bd3 b6 8. N2f3 d6 9. c4 Bb7 10. Qc2 Nbd7 11. b4 Ne5 12. Nd2 d5 13. Be2 dxe4 14. Rc1 Neg4 15. Bxg4 Nxg4 16. Nxe4 Nxe3 17. fxe3 Bxb4+ 18. Kf2 0-0 19. Ng5 g6 20. h4 h6 21. Ngf3 e5 22. Ne6 fxe6 23. Qxg6+ Qg7 24. Qxe6+ Rf7 25. Rh3 Qf6 26. Rg3+ Kh8 27. Qh3 e4 28. h5 Qb2+ 0-1